Sekuritizace migrace v EU: Případ Itálie v době vypuknutí arabského jara

Tradičný koncept sekuritizácie formulovaný Kodaňskou školou. Politický kontext v Taliansku. Talianska vláda a jej prezentácia masového prílivu obyvateľov tretích krajín. Bezpečnostné a humanitárne riziká. Dynamika krízy a odvetné opatrenia. Obnova reštriktívnych migračných nástrojov voči severnej Af...

Full description

Saved in:
Bibliographic Details
Main Author: Kaleta, Ondřej
Format: Book Chapter
Language:Czech
Subjects:
Tags: Add Tag
No Tags, Be the first to tag this record!

MARC

LEADER 00000naa a2200000 4500
001 0204794
005 20231208075946.8
041 0 |a cze 
044 |a CZ 
245 1 0 |a Sekuritizace migrace v EU: Případ Itálie v době vypuknutí arabského jara  |c Ondřej Kaleta 
520 |a Tradičný koncept sekuritizácie formulovaný Kodaňskou školou. Politický kontext v Taliansku. Talianska vláda a jej prezentácia masového prílivu obyvateľov tretích krajín. Bezpečnostné a humanitárne riziká. Dynamika krízy a odvetné opatrenia. Obnova reštriktívnych migračných nástrojov voči severnej Afrike. Zdieľanie záťaže a revízia Schengenských dohôd EU. 
610 2 0 |a migrácia 
610 2 0 |a migrácia nelegálna 
610 2 0 |a imigrácia 
610 2 0 |a politika medzinárodná 
610 2 0 |a bezpečnosť 
610 2 0 |a Taliansko 
610 2 0 |a Afrika 
610 2 0 |a Európska únia 
100 1 |a Kaleta, Ondřej